Hotel Borec, Bratislava

Gespeichert in:
Bibliographische Detailangaben
1. Verfasser: Chovancová, Miroslava (Verfasst von)
Weitere Verfasser: Makýš, Peter (Betreuung Doktorarbeit)
Format: Manuskript Buch
Sprache:Slowakisch
Veröffentlicht: 2016
Schlagworte:
Online-Zugang:http://is.stuba.sk/zp/portal_zp.pl?podrobnosti=119619
https://opac.crzp.sk/?fn=detailBiblioForm&sid=41728D440EB1EF62911D178922FE
Tags: Tag hinzufügen
Keine Tags, Fügen Sie das erste Tag hinzu!

MARC

LEADER 00000ntm a22000003a 4500
001 stuzp57679
003 SK-STU
005 20230906154140.7
007 ta
008 150427s2015----xo-----f-mn---000-0-slo-d
040 |a STU  |b slo 
041 0 |a slo 
100 1 |a Chovancová, Miroslava  |u 010270  |4 aut  |U SvF Stavebná fakulta  |T SvF Katedra technológie stavieb  |X 9693  |U V270  |Y 28  |7 A000009693 
242 0 1 |a Hotel Borec, Bratislava  |y eng 
245 1 0 |a Hotel Borec, Bratislava 
260 |c 2016 
650 4 |a hotely  |2 slo 
650 4 |a zariadenie staveniska  |2 slo 
650 4 |a podzemná voda  |2 slo 
650 4 |a štetovnice  |2 slo 
650 4 |a subsurface water  |2 eng 
650 4 |a sheet piles  |2 eng 
650 4 |a building site equipment  |2 eng 
650 4 |a hotels  |2 eng 
700 1 |a Makýš, Peter  |u 010270  |k Z1  |4 ths  |U SvF Stavebná fakulta  |T SvF Katedra technológie stavieb  |X 2751  |U V270  |Y 28  |7 A000002751 
856 4 |u http://is.stuba.sk/zp/portal_zp.pl?podrobnosti=119619 
856 4 |u https://opac.crzp.sk/?fn=detailBiblioForm&sid=41728D440EB1EF62911D178922FE 
SQL |a stuzp57679  |b DDP  |c SLO  |d Hotel Borec, Bratislava  |e 9693  |f Chovancová, Miroslava  |g 010270  |h 2751  |i Makýš, Peter  |j 20160614  |k 681  |l 01  |m http://is.stuba.sk/zp/portal_zp.pl?podrobnosti=119619  |n I-TS  |o 5.2.8. stavebníctvo